Worlds Most Generous Philanthropists - Statistics

General Stats
  • This quiz has been taken 20 times
  • The average score is 3 of 20
Answer Stats
Amount Donated Country Answer % Correct
$27 billion USA Bill Gates
100%
$21.5 billion USA Warren Buffett
72%
$8 billion Hungary/USA George Soros
50%
$4 billion Mexico Carlos Slim Helu
28%
$1.6 billion USA Mark Zuckerberg
17%
$2 billion USA Paul Allen
17%
$8 billion India Azim Premji
11%
$1.4 billion China Li Ka-shing
11%
$3 billion USA Michael Bloomberg
11%
$1.1 billion USA Michael Dell
6%
$6.3 billion Ireland/USA Charles Francis Feeney
0%
$1 billion Germany Dietmar Hopp
0%
$3.3 billion USA Eli Broad
0%
$3.3 billion USA George Kaiser
0%
$5 billion USA Gordon Moore
0%
$1.2 billion USA James Simons
0%
$1.2 billion USA John Huntsman Sr.
0%
$1 billion USA Pierre Omidyar
0%
$5.7 billion Saudi Arabia Sulaiman bin Abdul Aziz Al Rajhi
0%
$1.2 billion USA Ted Turner
0%
No matching quizzes found
Score Distribution
Percent of People with Each Score
Percentile by Number Answered
Your Score History
You have not taken this quiz